000 00518nam a2200157 4500
001 108342
003 ES-MaACL
005 20230906184627.0
007 t|
008 061121s1901 sp r ||||1| spa d
100 1 _aMonasterio y Gali, Antonio de.
_982112
245 1 0 _aBiología de los derechos en la normalidad y de su representación
_b: (ensayo juirídico) /
_cAntonio de Monasterio y Gali.
260 _aTortosa :
_bArturo Voltes Ribot,
_c1901.
300 _aXII, 216 p. ;
_c19 cm.
852 _aES-MaACL
_jF-12822
999 _c108342
_d108342